[Event "Tourn. n7953"]
[Site "www.chess-mail.com"]
[Date "2015.01.28"]
[Round "1"]
[White "Asibicho"]
[Black "Odin"]
[WhiteElo "1900"]
[BlackElo "1690"]
[Result "0-1"]
[Round "1"]
1.e4 e5
2.Ng1f3 Ng8f6
3.Nf3xe5 d6
4.Ne5f3 Nf6xe4
5.d4 d5
6.Bf1d3 Bc8g4
7.O-O Nb8c6
8.h3 Bg4xf3
9.Qd1xf3 Nc6xd4
10.Qf3g4 f5
11.Qg4h5 g6
12.Qh5d1 Qd8d6
13.Bd3xe4 dxe4
14.Bc1e3 Bf8g7
15.Nb1c3 O-O-O
16.Qd1e1 Nd4xc2
17.Qe1e2 Nc2xa1
18.Rf1xa1 Bg7xc3
19.bxc3 Kb8
20.Qe2b5 a6
21.Qb5b3 f4
22.Ra1b1 b5
23.Be3d4 Rh8e8
24.a4 Qd6d5
25.Qb3b4 e3
26.fxe3 f3
27.gxf3 Qd5xf3
28.axb5 Qf3g3
29.Kh1 Qg3xh3
30.Kg1 Qh3g4
31.Kh1 Qg4f3
32.Kg1 Qf3g3
33.Kh1 Qg3f3
34.Kg1 Qf3b7
35.Qb4c5 Rd8d5
36.Qc5c4 Rd5g5
37.Kf1 Qb7h1
{ resign }
0-1

[Event "Match"]
[Site "www.echecsemail.com"]
[Date "2015.01.28"]
[Round "1"]
[White "Tartan"]
[Black "Difficult"]
[WhiteElo "2330"]
[BlackElo "1880"]
[Result "1-0"]
[Round "1"]
1.d4 Ng8f6
2.c4 c5
3.d5 e6
4.Nb1c3 exd5
5.cxd5 d6
6.Ng1f3 g6
7.Nf3d2 a6
8.a4 Bf8e7
9.e4 O-O
10.Bf1e2 Qd8c7
11.O-O Rf8e8
12.Nd2c4 Re8d8
13.Bc1g5 Nb8d7
14.f4 Nd7b6
15.e5 Nf6e8
16.Bg5xe7 { resign }
1-0

[Event "Match"]
[Site "www.echecsemail.com"]
[Date "2015.01.28"]
[Round "1"]
[White "Iko"]
[Black "Mourinho01"]
[WhiteElo "1450"]
[BlackElo "1999"]
[Result "0-1"]
[Round "1"]
1.e4 e5
2.Ng1f3 Ng8f6
3.Bf1d3 Nb8c6
4.Qd1e2 Bf8c5
5.Bd3b5 Nc6b4
6.Qe2c4 Bc5d6
7.Nf3xe5 Qd8e7
8.Ne5d3 Nf6xe4
9.O-O O-O
10.Rf1e1 Rf8e8
11.f3 Nb4xd3
12.Qc4xd3 Bd6xh2
13.Kf1 Ne4g3
14.Kf2 Qe7xe1

0-1

[Event "Match"]
[Site "www.echecsemail.com"]
[Date "2015.01.28"]
[Round "1"]
[White "Supernovae"]
[Black "Generalfree"]
[WhiteElo "1700"]
[BlackElo "1730"]
[Result "1-0"]
[Round "1"]
1.d4 d5
2.e3 Ng8f6
3.Ng1f3 Nb8c6
4.c4 dxc4
5.Bf1xc4 e6
6.Nb1d2 a6
7.O-O b5
8.Bc4d3 Nf6d5
9.a3 g6
10.Nd2e4 h6
11.Qd1c2 Bc8d7
12.Ne4c5 Bf8xc5
13.Qc2xc5 Nc6a5
14.Qc5c2 c6
15.Nf3e5 Nd5f6
16.Bc1d2 Na5b7
17.Ne5xc6 Bd7xc6
18.Qc2xc6 Qd8d7
19.Ra1c1 Ra8c8
20.Qc6xc8 { resign }
1-0

[Event "Match"]
[Site "www.echecsemail.com"]
[Date "2015.01.28"]
[Round "1"]
[White "Stevep84"]
[Black "Knightjumper"]
[WhiteElo "2160"]
[BlackElo "1710"]
[Result "1-0"]
[Round "1"]
1.e4 e5
2.Ng1f3 Nb8c6
3.d4 exd4
4.Nf3xd4 Bf8c5
5.Nd4xc6 Qd8f6
6.Qd1d2 dxc6
7.Nb1c3 Bc8e6
8.Bf1d3 Ra8d8
9.Qd2e2 h6
10.Bc1e3 Bc5xe3
11.Qe2xe3 b6
12.O-O Qf6d4
13.Qe3g3 Qd4f6
14.Qg3xc7 Rd8d7
15.Qc7xc6 Ng8e7
16.Qc6a8 { resign }
1-0

[Event "Match"]
[Site "www.echecsemail.com"]
[Date "2015.01.28"]
[Round "1"]
[White "Panham"]
[Black "Cardiff"]
[WhiteElo "2040"]
[BlackElo "1950"]
[Result "0-1"]
[Round "1"]
1.d4 Ng8f6
2.c4 e6
3.Nb1c3 Bf8b4
4.e3 c5
5.Ng1e2 d5
6.cxd5 exd5
7.a3 Bb4xc3
8.Ne2xc3 cxd4
9.Qd1xd4 O-O
10.Bf1d3 Nb8c6
11.Qd4h4 d4
12.Nc3e4 Nf6xe4
13.Qh4xe4 g6
14.Qe4f3 Nc6e5
15.Qf3e2 dxe3
16.Bd3c2 exf2
17.Kxf2 Ne5g4
18.Kg1 Rf8e8
19.Qe2d2 Qd8b6
20.Kf1 Ng4e3
21.Kg1 Ne3xc2
{ resign }
0-1

[Event "Match"]
[Site "www.echecsemail.com"]
[Date "2015.01.28"]
[Round "1"]
[White "Nozal"]
[Black "Nham"]
[WhiteElo "1850"]
[BlackElo "1979"]
[Result "0-1"]
[Round "1"]
1.e4 e5
2.Ng1f3 f5
3.d3 Nb8c6
4.exf5 d5
5.g4 h5
6.gxh5 Bc8xf5
7.Nf3h4 Qd8xh4
8.Bf1e2 Bf8c5
9.O-O Bf5h3
10.Bc1e3 Bc5xe3
11.fxe3 Bh3xf1
12.Qd1xf1 Ng8f6
13.Nb1c3 O-O-O
14.Qf1f5 Kb8
15.d4 Nf6xh5
16.dxe5 Rd8f8
17.Qf5g4 Qh4f2
{ resign }
0-1

[Event "Match"]
[Site "www.echecsemail.com"]
[Date "2015.01.28"]
[Round "1"]
[White "Andychesston"]
[Black "Paco"]
[WhiteElo "1760"]
[BlackElo "1870"]
[Result "1-0"]
[Round "1"]
1.e4 e5
2.Ng1f3 Nb8c6
3.d4 exd4
4.Nf3xd4 Bf8c5
5.Bc1e3 d5
6.Nd4xc6 Qd8d6
7.Be3xc5 Qd6xc5
8.Nc6d4 Qc5b4
9.Nb1c3 Qb4xb2
10.Nc3xd5 Kf8
{ time. }
1-0

[Event "Match"]
[Site "www.echecsemail.com"]
[Date "2015.01.28"]
[Round "1"]
[White "Birdchess"]
[Black "Alanocturna"]
[WhiteElo "1660"]
[BlackElo "1620"]
[Result "1-0"]
[Round "1"]
1.d4 g6
2.g3 Bf8g7
3.Bf1g2 d5
4.Ng1f3 Nb8c6
5.O-O e6
6.c3 Ng8e7
7.Nb1d2 O-O
8.e4 dxe4
9.Nd2xe4 e5
10.dxe5  { time }
1-0

[Event "Match"]
[Site "www.echecsemail.com"]
[Date "2015.01.28"]
[Round "1"]
[White "Generalfree"]
[Black "Difficult"]
[WhiteElo "1720"]
[BlackElo "1880"]
[Result "0-1"]
[Round "1"]
1.e4 c6
2.d4 d5
3.f3 dxe4
4.fxe4 e5
5.dxe5 Qd8h4
6.Ke2 Qh4xe4
7.Bc1e3 Qe4xe5
8.Nb1c3 Bf8c5
9.Qd1d2 Bc5xe3
10.Qd2xe3 Qe5xe3
11.Kxe3 Ng8f6
12.Bf1d3 O-O
13.Kd2 Bc8e6
14.b3 Nb8d7
15.h3 Nd7c5
16.Ng1f3 Nc5xd3
17.cxd3 Ra8d8
18.g4 Nf6d5
19.Rh1e1 Rf8e8
20.Re1e2 Nd5f4
21.Re2e3 Nf4xh3
22.Ra1e1 h6
23.Nf3e5 Nh3f4
24.Re1f1 g5
25.Rf1h1 Kg7
26.Nc3e4 Be6d5
27.Rh1g1 Re8xe5
{ resign }
0-1

[Event "Match"]
[Site "www.echecsemail.com"]
[Date "2015.01.28"]
[Round "1"]
[White "Drdoom"]
[Black "Spartacus42"]
[WhiteElo "1630"]
[BlackElo "1809"]
[Result "0-1"]
[Round "1"]
1.e4 c6
2.d4 d5
3.e5 Bc8f5
4.Bf1d3 Bf5xd3
5.Qd1xd3 e6
6.Bc1e3 Nb8d7
7.Ng1f3 Qd8b6
8.b3 Ng8e7
9.c3 Ne7f5
10.Be3d2 c5
11.Bd2f4 cxd4
12.cxd4 Bf8b4
13.Nb1d2 O-O
14.O-O Rf8c8
15.Rf1c1 a6
16.a3 Bb4f8
17.b4 Qb6b5
18.Qd3b3 Nd7b6
19.Rc1b1 Nb6c4
20.a4 Qb5d7
21.h3 b5
22.a5 Qd7a7
23.Qb3d3 Rc8c6
24.Kh1 Ra8c8
25.Nd2f1 h6
26.Nf1d2 Nc4xd2
27.Bf4xd2 Rc6c4
28.Kg1 Nf5xd4
29.Nf3xd4 Qa7xd4
30.Qd3xd4 Rc4xd4
31.Bd2e1 Rc8c4
32.Rb1c1 Bf8xb4
33.Be1xb4 Rc4xb4
34.Rc1c6 Rb4a4
35.Rc6c1 Ra4xa1
36.Rc1xa1 Rd4a4
37.Ra1d1 Ra4xa5
{ resign }
0-1

[Event "Match"]
[Site "www.echecsemail.com"]
[Date "2015.01.28"]
[Round "1"]
[White "Emmanuelasi"]
[Black "Tbsundar"]
[WhiteElo "2100"]
[BlackElo "1960"]
[Result "1-0"]
[Round "1"]
1.e4 e5
2.Ng1f3 Nb8c6
3.Bf1b5 Ng8f6
4.O-O Bf8c5
5.c3 O-O
6.d4 exd4
7.cxd4 Bc5b6
8.Bc1g5 h6
9.Bg5h4 g5
10.Nf3xg5 Nc6e7
11.Ng5f3 Ne7g6
12.Bh4xf6 Qd8xf6
13.e5 Qf6g7
14.Qd1d2 d6
15.Rf1e1 Bc8g4
16.Bb5e2 Ra8d8
17.exd6 Rd8xd6
18.Nb1c3 Rd6f6
19.Nc3e4 Rf6xf3
20.gxf3 Bg4h3
21.Ne4g3 Rf8d8
22.d5 Ng6h4
23.Ra1d1 Nh4f5
24.Qd2f4 Kh8
25.Be2f1 Bh3xf1
26.Kxf1 Nf5xg3
27.hxg3 Rd8d6
28.Re1e8 Kh7
29.Kg2 Qg7g6
30.Qf4e4 Qg6xe4
31.fxe4 c6
32.Re8e7 Rd6f6
33.f4 cxd5
34.Rd1xd5 Kg6
35.Re7xb7 Rf6c6
36.Rd5d2 Rc6c1
37.b4 Rc1e1
38.e5 Re1b1
39.Rd2d6 Kf5
40.Rb7xf7 Ke4
41.e6 Rb1g1
42.Kh2 Rg1a1
43.e7 Ra1xa2
44.Kh3 Kf3
45.Rd6d3 Ke2
46.e8Q Kxd3
47.Rf7d7 Kc3
48.Qe8e4 Bb6g1
49.Rd7d3 Kb2
50.Qe4e2 Ka1
51.Rd3d1 { resign }
1-0

[Event "Match"]
[Site "www.echecsemail.com"]
[Date "2015.01.28"]
[Round "1"]
[White "Cardiff"]
[Black "Fkarpov"]
[WhiteElo "1950"]
[BlackElo "2000"]
[Result "0-1"]
[Round "1"]
1.d4 Ng8f6
2.c4 e6
3.Nb1c3 Bf8b4
4.Qd1c2 c5
5.Ng1f3 b6
6.e3 Bc8b7
7.Bf1d3 Bb7xf3
8.gxf3 cxd4
9.exd4 Nb8c6
10.Bc1e3 d5
11.O-O-O Bb4xc3
12.Qc2xc3 a5
13.Kb1 Nc6b4
14.c5 Ra8c8
15.Bd3b5 Nb4c6
16.Rh1g1 Nf6h5
17.Rg1g5 g6
18.cxb6 Qd8xb6
19.Bb5xc6 Rc8xc6
20.Qc3d2 Nh5f6
21.Be3f4 O-O
22.Bf4e5 Nf6d7
23.Rg5g1 Nd7xe5
24.dxe5 Rf8b8
25.h4 Qb6c7
26.h5 Qc7xe5
27.hxg6 Qe5f5
28.Ka1 fxg6
29.Rd1c1 Rc6b6
30.Rg1g5 Qf5f6
31.Rc1c2 Qf6xf3
32.a3 Qf3f6
33.Rg5g3 a4
34.Rg3c3 Qf6d8
35.Qd2d4 Rb6b5
36.Rc3c7 Qd8f8
37.Qd4e5 Rb5b6
38.Qe5h2 h6
39.Qh2g3 g5
40.Qg3d3 Qf8f5
41.Rc7c8 Rb8xc8
42.Rc2xc8 Kf7
43.Qd3d4 Rb6b7
44.Qd4h8 Kg6
45.Qh8e8 Qf5f7
46.Qe8xa4 Rb7xb2
47.Kxb2 Qf7b7
{ resign }
0-1

[Event "Match"]
[Site "www.echecsemail.com"]
[Date "2015.01.28"]
[Round "1"]
[White "Gaspard"]
[Black "Gilliere"]
[WhiteElo "1679"]
[BlackElo "1840"]
[Result "1/2-1/2"]
[Round "1"]
1.e4 e5
2.Ng1f3 d6
3.Nb1c3 Ng8f6
4.d4 exd4
5.Nf3xd4 h6
6.Bc1e3 Nb8d7
7.Bf1c4 Bf8e7
8.Qd1d2 Nd7b6
9.Bc4b3 c5
10.Nd4f5 Bc8xf5
11.exf5 O-O
12.O-O-O Nf6d7
13.Bb3d5 Nb6xd5
14.Nc3xd5 Rf8e8
15.g4 Nd7f6
16.Nd5xe7 Qd8xe7
17.Be3xh6 gxh6
18.Qd2xh6 Nf6h7
19.g5 Qe7f8
20.Rd1xd6 Qf8xh6
21.Rd6xh6 Re8e5
22.g6 fxg6
23.fxg6 Nh7f6
24.f4 Re5h5
25.Rh6xh5 Nf6xh5
26.f5 Kg7
27.Rh1g1 Ra8f8
28.Rg1g5 Nh5f4
29.Kd2 Rf8e8
30.Rg5g4 Nf4h5
31.Rg4h4 Nh5f6
32.Rh4a4 a6
33.Ra4a5 Re8e5
34.Kc3 Re5xf5
35.Kc4 Nf6e4
36.b4 b5
37.Kd3 Ne4d6
38.Ra5xa6 Rf5d5
39.Ke2 cxb4
40.Ra6b6 Kxg6
41.Rb6a6 Kg5
42.a3 bxa3
43.Ra6xa3 Rd5e5
44.Kf3 Re5f5
45.Kg2 Kf6
46.Ra3e3 Rf5g5
47.Kf2 Rg5f5
48.Kg2 Rf5g5
49.Kf2 Rg5f5
50.Kg2 Rf5g5
{ draw }
1/2-1/2

[Event "1/16 Finale"]
[Site "www.chess-mail.com"]
[Date "2015.01.28"]
[Round "1"]
[White "Hwj"]
[Black "George1955"]
[WhiteElo "2760"]
[BlackElo "2630"]
[Result "1-0"]
[Round "1"]
1.e4 c5
2.Ng1f3 d6
3.d4 cxd4
4.Nf3xd4 Ng8f6
5.Nb1c3 Nb8c6
6.Bc1g5 Bc8d7
7.Qd1d2 Ra8c8
8.f4 Nc6xd4
9.Qd2xd4 Qd8a5
10.O-O-O Rc8xc3
11.bxc3 e5
12.Qd4b4 Qa5xb4
13.cxb4 Nf6xe4
14.Bg5h4 g5
15.fxg5 Bf8e7
16.Rd1e1 Ne4xg5
17.Bf1c4 f5
18.Rh1f1 Kd8
19.Bc4d5 Kc7
20.Re1e3 Rh8f8
21.Re3b3 h6
22.b5 Kb8
23.b6 a6
24.c4 Be7f6
25.Kd2 Rf8c8
26.Kc2 Bf6e7
27.Kb2 Rc8f8
28.Bh4e1 f4
29.Be1b4 Ng5e6
30.Rb3d3 Ne6c5
31.Bb4xc5 dxc5
32.Bd5e4 Bd7e6
33.Kb3 h5
34.Rf1e1 Rf8f6
35.a4 a5
36.Kc3 Be6c8
37.Re1b1 Rf6f8
38.Rb1b5 h4
39.h3 Rf8f7
40.Rb5xa5 Rf7f6
41.Ra5b5 Rf6f8
42.a5 Rf8g8
43.Rb5b1 Rg8d8
44.Rd3xd8 Be7xd8
45.Rb1d1 Bd8e7
46.Rd1d2 Bc8e6
47.Kb3 { resign }
1-0

[Event "Eq:La Taverne-SIETE ESTRELLAS VERDES : "]
[Site "www.chess-mail.com"]
[Date "2015.01.28"]
[Round "1"]
[White "Gilliere"]
[Black "Caspito"]
[WhiteElo "1850"]
[BlackElo "1900"]
[Result "1/2-1/2"]
[Round "1"]
1.e4 e5
2.Ng1f3 Nb8c6
3.Bf1b5 Nc6d4
4.Nf3xd4 exd4
5.O-O a6
6.Bb5e2 d6
7.d3 c5
8.Nb1d2 b5
9.b3 Bc8b7
10.Nd2f3 Bf8e7
11.h3 Ng8f6
12.Nf3h2 O-O
13.Bc1g5 a5
14.Bg5xf6 Be7xf6
15.Nh2g4 Bf6g5
16.f4 Bg5h4
17.f5 Bh4g3
18.Ng4f2 d5
19.Be2f3 b4
20.Nf2h1 Bg3f4
21.Nh1f2 Qd8d6
22.g4 Bf4e3
23.Kh1 Qd6g3
24.Qd1e2 Be3xf2
25.Rf1xf2 Qg3xh3
26.Rf2h2 Qh3g3
27.exd5 Ra8a6
28.Ra1g1 Qg3d6
29.Qe2g2 a4
30.Qg2h3 h6
31.Qh3g3 Bb7xd5
32.Bf3xd5 Qd6xd5
33.Qg3g2 Qd5xg2
34.Rh2xg2 axb3
35.axb3 Rf8e8
36.g5 h5
37.g6 Ra6f6
38.gxf7 Rf6xf7
39.Rg2f2 Re8e3
40.Rg1f1 Re3e5
41.f6 g5
42.Rf2f5 Re5xf5
43.Rf1xf5 Kh7
44.Rf5xg5 Rf7xf6
45.Rg5xc5 Kg6
46.Rc5c4 Rf6f2
47.Rc4xd4 Rf2xc2
48.Rd4xb4 Kf5
49.Rb4c4 Rc2a2
50.b4 Ra2b2
51.Rc4e4 Kg5
52.Re4d4 h4
53.Rd4e4 h3
54.Re4d4 Kh5
55.Rd4e4 Kg5
{ draw }
1/2-1/2

[Event "Tourn. n7958"]
[Site "www.chess-mail.com"]
[Date "2015.01.29"]
[Round "1"]
[White "Bevittsmith"]
[Black "Osopanda"]
[WhiteElo "2260"]
[BlackElo "2000"]
[Result "1-0"]
[Round "1"]
1.e4 c5
2.Ng1f3 d6
3.d4 cxd4
4.Nf3xd4 Ng8f6
5.Nb1c3 a6
6.Bc1e3 e5
7.Nd4b3 Bc8e6
8.Qd1d2 Nb8d7
9.f3 Bf8e7
10.Bf1e2 b5
11.g4 h6
12.h4 O-O
13.g5 Nf6h5
14.Rh1g1 Nh5f4
15.Be3xf4 exf4
16.Qd2xf4 Nd7e5
17.Nb3d4 Ra8c8
18.Qf4g3 Ne5g6
19.f4 Be6c4
20.O-O-O Bc4xe2
21.Nc3xe2 hxg5
22.hxg5 Qd8a5
23.Kb1 Rf8e8
24.f5 Ng6e5
25.f6 Be7f8
26.Rg1h1 Rc8xc2
27.Nd4xc2 Ne5c4
28.Qg3h3 { resign }
1-0

[Event "Tourn. n8047"]
[Site "www.chess-mail.com"]
[Date "2015.01.29"]
[Round "1"]
[White "Winterlude"]
[Black "Tenzinnima"]
[WhiteElo "2540"]
[BlackElo "2290"]
[Result "1-0"]
[Round "1"]
1.e4 e6
2.d4 d5
3.Nb1d2 dxe4
4.Nd2xe4 Nb8d7
5.Ng1f3 Ng8f6
6.Bf1d3 Bf8e7
7.Qd1e2 O-O
8.Bc1g5 b6
9.Ne4xf6 Nd7xf6
10.Bg5xf6 Be7xf6
11.Qe2e4 { resign }
1-0

[Event "Tourn. n8051"]
[Site "www.chess-mail.com"]
[Date "2015.01.29"]
[Round "1"]
[White "Luban"]
[Black "Krasin"]
[WhiteElo "2050"]
[BlackElo "2270"]
[Result "0-1"]
[Round "1"]
1.d4 f5
2.c4 Ng8f6
3.g3 g6
4.Bf1g2 Bf8g7
5.Nb1c3 O-O
6.e4 Nf6xe4
7.Nc3xe4 fxe4
8.Bg2xe4 c5
9.Bc1e3 d5
10.Be4xd5 e6
11.Bd5g2 cxd4
12.Be3d2 e5
13.Bg2d5 Kh8
14.Qd1b3 Nb8c6
15.Ng1f3 e4
16.Nf3g5 e3
17.Bd2xe3 dxe3
18.Qb3xe3 Bg7d4
{ resign }
0-1

[Event "Tourn. n7907"]
[Site "www.chess-mail.com"]
[Date "2015.01.29"]
[Round "1"]
[White "Vasylpuzanov"]
[Black "Awfen"]
[WhiteElo "1800"]
[BlackElo "2010"]
[Result "1-0"]
[Round "1"]
1.e4 Nb8c6
2.d4 e6
3.f4 d6
4.c4 f6
5.Nb1c3 Ng8e7
6.Ng1f3 Ne7g6
7.Bf1e2 Bf8e7
8.O-O O-O
9.Bc1e3 b6
10.d5 exd5
11.Qd1xd5 Kh8
12.Qd5xc6 Ra8b8
13.Nc3d5 Bc8b7
14.Qc6xc7 Qd8xc7
15.Nd5xc7 Bb7c8
16.Nf3d4 Rb8b7
17.Nc7d5 Rf8e8
18.Be2h5 f5
19.exf5 Bc8d7
20.fxg6 Be7f6
21.Nd5xf6 gxf6
22.Be3f2 hxg6
23.Bh5xg6 Re8g8
24.Bg6e4 Rb7c7
25.Bf2h4 Kg7
26.Rf1f3 Kf7
27.Be4d5 { resign }
1-0

[Event "Tourn. n7948"]
[Site "www.chess-mail.com"]
[Date "2015.01.29"]
[Round "1"]
[White "Bojan"]
[Black "Difficult"]
[WhiteElo "1910"]
[BlackElo "1880"]
[Result "0-1"]
[Round "1"]
1.c4 e6
2.a3 d5
3.e3 c5
4.Ng1f3 Ng8f6
5.Qd1c2 Nb8c6
6.b3 d4
7.Bc1b2 dxe3
8.dxe3 Bf8e7
9.Nb1c3 a6
10.Bf1e2 Qd8c7
11.Nc3e4 Nf6xe4
12.Qc2xe4 O-O
13.Ra1d1 b6
14.O-O Bc8b7
15.Be2d3 g6
16.Qe4g4 Rf8d8
17.h4 Be7f8
18.Bb2f6 Bf8e7
19.Bf6c3 Be7f8
20.h5 Bf8g7
21.Bc3xg7 Kxg7
22.hxg6 hxg6
23.Bd3e4 Nc6e7
24.Be4xb7 Qc7xb7
25.Rd1d2 Rd8xd2
26.Nf3xd2 Ra8d8
27.Rf1d1 Ne7f5
28.e4 Nf5d4
29.b4 Qb7e7
30.Rd1b1 cxb4
31.axb4 Nd4c2
32.Nd2f3 Nc2xb4
33.Nf3e5 a5
34.g3 Qe7f6
35.f4 Qf6e7
36.Qg4e2 Qe7c5
37.Kg2 Qc5d4
38.Kf3 Qd4c3
39.Kg4 Rd8h8
40.Rb1d1 Nb4c2
41.Rd1d3 f5
42.exf5 exf5
43.Kf3 Nc2d4
44.Kf2 Rh8h2
45.Kf1 Nd4xe2
{ resign }
0-1

[Event "Tourn. n7848"]
[Site "www.chess-mail.com"]
[Date "2015.01.29"]
[Round "1"]
[White "Lundberg"]
[Black "Antuan72"]
[WhiteElo "1900"]
[BlackElo "2020"]
[Result "1-0"]
[Round "1"]
1.e4 c5
2.Ng1f3 Nb8c6
3.d4 cxd4
4.Nf3xd4 Ng8f6
5.Nb1c3 e6
6.Bc1e3 d6
7.Bf1b5 Bc8d7
8.O-O Bf8e7
9.Rf1e1 O-O
10.Qd1d2 a6
11.Bb5f1 Qd8c7
12.g3 Nf6g4
13.Bf1g2 Ng4xe3
14.Qd2xe3 Be7f6
15.Nd4xc6 Bd7xc6
16.Ra1d1 Ra8d8
17.Rd1d2 h6
18.Re1d1 Bf6e7
19.a3 b5
20.Nc3e2 e5
21.b3 Be7g5
22.f4 exf4
23.gxf4 Bg5e7
24.Ne2d4 Bc6b7
25.Nd4f5 Rf8e8
26.Qe3g3 Be7f8
27.Nf5xh6 Kh8
28.Nh6f5 Bb7xe4
29.Bg2xe4 Re8xe4
30.Qg3h3 Kg8
31.Nf5h6 gxh6
32.Qh3g2 Bf8g7
33.Qg2xe4 Qc7d7
34.Qe4d5 Qd7g4
35.Rd2g2 Qg4xf4
36.Rd1f1 Qf4e3
37.Kh1 Rd8d7
38.Rg2f2 Kh8
39.c4 Rd7e7
40.Qd5xd6 Qe3e4
41.Rf2g2 Re7e6
42.Qd6g3 Re6g6
43.Qg3f3 Qe4xf3
44.Rf1xf3 Rg6xg2
45.Kxg2 Kg8
46.c5 Kf8
47.b4 Bg7e5
48.Rf3d3 Ke7
49.Kf3 f6
50.h3 Ke6
51.Ke4 h5
52.Rd3d8 f5
53.Kd3 f4
54.Ke4 Ke7
55.Kxe5 Kxd8
56.Kxf4 Kd7
57.Kg5 Kc6
58.Kxh5 { resign }
1-0

[Event "Tourn. n7996"]
[Site "www.chess-mail.com"]
[Date "2015.01.29"]
[Round "1"]
[White "Luban"]
[Black "Badplayer"]
[WhiteElo "2130"]
[BlackElo "2190"]
[Result "1-0"]
[Round "1"]
1.d4 d5
2.Ng1f3 Ng8f6
3.e3 c6
4.h3 Bc8f5
5.c4 h6
6.Nb1c3 e6
7.a3 Bf8e7
8.Bf1d3 Bf5xd3
9.Qd1xd3 dxc4
10.Qd3xc4 O-O
11.O-O Nb8d7
12.e4 Nd7b6
13.Qc4e2 a6
14.Bc1e3 Nb6d7
15.Ra1d1 Ra8c8
16.Nf3e5 Qd8a5
17.Ne5xd7 Nf6xd7
18.d5 cxd5
19.exd5 exd5
20.Nc3xd5 Rf8e8
21.Nd5xe7 Re8xe7
22.Qe2g4 f5
23.Qg4d4 Nd7f6
24.Be3xh6 Re7d7
25.Bh6d2 Qa5b5
26.Qd4b4 Qb5d5
27.Bd2c3 Qd5xd1
28.Rf1xd1 Rd7xd1
29.Kh2 Rd1d7
30.Bc3xf6 gxf6
31.Qb4b3 Kg7
32.Qb3e6 Rc8c7
33.Qe6xf5 Rd7d2
34.Qf5g4 Kf7
35.Qg4h5 Kg7
36.Qh5f3 Rd2xb2
37.Qf3g3 { resign }
1-0

[Event "Tourn. n7945"]
[Site "www.chess-mail.com"]
[Date "2015.01.29"]
[Round "1"]
[White "Passaroa25"]
[Black "Pipas"]
[WhiteElo "1520"]
[BlackElo "1620"]
[Result "1/2-1/2"]
[Round "1"]
1.d3 e5
2.e4 d5
3.Nb1d2 d4
4.Ng1e2 c5
5.Nd2c4 Bf8d6
6.Ne2g3 g6
7.Bc1d2 Nb8c6
8.a3 Ng8f6
9.Bd2g5 Bd6e7
10.Bg5h6 Nf6g4
11.Bh6d2 Be7g5
12.f3 Bg5xd2
13.Nc4xd2 Ng4f6
14.Bf1e2 O-O
15.O-O b5
16.Nd2b3 Qd8b6
17.h3 Bc8e6
18.Ng3h1 Nc6a5
19.Ra1b1 c4
20.Nb3xa5 Qb6xa5
21.Nh1f2 Qa5c7
22.b4 a5
23.Qd1d2 c3
24.Qd2c1 axb4
25.axb4 Ra8a4
26.Nf2g4 Nf6xg4
27.fxg4 Qc7e7
28.Be2f3 Ra4xb4
29.Qc1a3 Be6d7
30.Qa3xb4 Qe7g5
31.Rb1e1 Rf8a8
32.Qb4d6 Bd7e6
33.Qd6c6 Ra8a5
34.Qc6b6 Ra5a2
35.Bf3d1 Ra2b2
36.Qb6b8 Kg7
37.Qb8a7 b4
38.Qa7a1 Rb2a2
39.Qa1b1 Ra2b2
40.Qb1a1 Rb2a2
41.Qa1b1 Ra2b2
42.Qb1a1 Rb2a2
43.Qa1b1 Ra2b2
44.Qb1a1 Rb2a2
45.Qa1b1 Ra2b2
46.Qb1a1 Rb2a2
47.Qa1b1 { draw }
1/2-1/2

[Event "Tourn. n7896"]
[Site "www.chess-mail.com"]
[Date "2015.01.29"]
[Round "1"]
[White "Norlavuaram"]
[Black "Sontuozio"]
[WhiteElo "2160"]
[BlackElo "2270"]
[Result "0-1"]
[Round "1"]
1.e4 e6
2.d3 d5
3.Nb1d2 c5
4.Ng1f3 Nb8c6
5.g3 Bf8d6
6.Bf1g2 Ng8f6
7.O-O O-O
8.Rf1e1 e5
9.exd5 Nf6xd5
10.Nd2e4 Bd6e7
11.h3 f5
12.Ne4c3 Nd5xc3
13.bxc3 Be7f6
14.Bc1e3 Qd8d6
15.Ra1b1 e4
16.Be3f4 Qd6d8
17.dxe4 fxe4
18.Qd1xd8 Rf8xd8
19.Re1xe4 Bc8f5
20.Re4e2 Rd8d7
21.Nf3e5 Bf6xe5
22.Bf4xe5 Nc6xe5
23.Re2xe5 Bf5xc2
24.Rb1xb7 Rd7xb7
25.Bg2xb7 Ra8b8
26.Bb7d5 Kf8
27.Re5e2 Bc2d3
28.Re2d2 c4
29.Kh2 Ke7
30.Kg2 Kf6
31.Bd5f3 Rb8e8
32.Bf3c6 Re8d8
33.Bc6f3 Rd8e8
34.a4 a5
35.Bf3c6 Re8e1
36.Kh2 Re1c1
37.Bc6b5 Rc1xc3
38.Kg2 Rc3c1
39.Kf3 Ke5
40.Ke3 Rc1e1
41.Kf3 h5
42.h4 Bd3e4
{ resign }
0-1

[Event "Tourn. n7967"]
[Site "www.chess-mail.com"]
[Date "2015.01.29"]
[Round "1"]
[White "Oxycontin"]
[Black "Osopanda"]
[WhiteElo "2090"]
[BlackElo "2020"]
[Result "1-0"]
[Round "1"]
1.Ng1f3 d5
2.d4 Ng8f6
3.e3 c5
4.c4 dxc4
5.Bf1xc4 cxd4
6.Qd1xd4 Qd8xd4
7.exd4 Nb8c6
8.O-O Bc8g4
9.Nb1d2 Ra8d8
10.Bc4b5 e6
11.Nf3e5 Bf8d6
12.Ne5xc6 bxc6
13.Bb5xc6 Ke7
14.Nd2e4 Nf6xe4
15.Bc6xe4 Bg4e2
16.Rf1e1 Be2a6
17.Bc1e3 Rd8b8
18.b3 Bd6b4
19.Re1c1 Rh8c8
20.d5 exd5
21.Rc1xc8 Rb8xc8
22.Be4xd5 Bb4c3
23.Ra1c1 Kd6
24.Bd5xf7 Rc8c7
25.Be3f4 { resign }
1-0

[Event "Tourn. n7983"]
[Site "www.chess-mail.com"]
[Date "2015.01.29"]
[Round "1"]
[White "Osopanda"]
[Black "Bennyp"]
[WhiteElo "1980"]
[BlackElo "2270"]
[Result "0-1"]
[Round "1"]
1.c4 Ng8f6
2.d4 c5
3.Ng1f3 cxd4
4.Nf3xd4 e5
5.Nd4f3 Nb8c6
6.Nb1c3 Bf8c5
7.Bc1g5 Qd8b6
8.Nc3b5 Bc5xf2
9.Kd2 Nf6e4
10.Kc2 Nc6b4
11.Kb1 Qb6g6
12.Nb5c7 Kf8
13.Kc1 Ne4xg5
14.Kd2 Ng5e4
15.Kc1 Bf2e3
{ resign }
0-1

[Event "Tourn. n7925"]
[Site "www.chess-mail.com"]
[Date "2015.01.29"]
[Round "1"]
[White "Fanny33"]
[Black "Asoka"]
[WhiteElo "2680"]
[BlackElo "2650"]
[Result "1-0"]
[Round "1"]
1.e4 e5
2.Bf1c4 Ng8f6
3.d3 c6
4.Ng1f3 d5
5.Bc4b3 Bf8d6
6.exd5 cxd5
7.Bc1g5 Nb8c6
8.Nb1c3 Bd6b4
9.O-O Bc8e6
10.Qd1e2 h6
11.Bg5h4 O-O
12.Nf3xe5 Nc6d4
13.Qe2d1 Ra8c8
14.Nc3e2 Nd4f5
15.Bh4g3 d4
16.Bb3xe6 fxe6
17.Ne2f4 Rf8e8
18.Nf4g6 Nf6d7
19.Qd1e2 Nd7xe5
20.Ng6xe5 Qd8d5
21.a3 Bb4e7
22.a4 Be7b4
23.Ra1c1 b6
24.Rf1d1 Qd5a5
25.Rc1a1 Qa5d5
26.Rd1f1 Rc8c5
27.Ne5c4 e5
28.f3 Nf5xg3
29.hxg3 Re8e6
30.Kh2 a6
31.Ra1c1 b5
32.axb5 axb5
33.Nc4d2 Bb4xd2
34.Qe2xd2 Re6c6
35.b4 Rc5c3
36.Rf1e1 Qd5a2
37.Re1e2 Rc6c8
38.g4 e4
39.fxe4 Qa2e6
40.e5 Qe6xg4
41.e6 Qg4h4
42.Kg1 Rc3c7
43.Rc1f1 Qh4g3
44.e7 Rc8e8
45.Rf1e1 Kf7
46.Qd2d1 g6
47.Qd1a1 Rc7xe7
48.Re1f1 Kg8
49.Re2xe7 Re8xe7
50.Qa1xd4 Kh7
51.c4 h5
52.c5 Re7e3
53.Rf1f7 Kh6
54.Rf7f8 Re3e1
55.Rf8f1 Re1e2
56.Qd4f4 Qg3xf4
57.Rf1xf4 Re2d2
58.d4 Kg5
59.Rf4e4 Kf6
60.c6 Rd2c2
61.d5 Kf7
62.Kh2 Rc2c3
63.Re4e6 h4
64.Re6d6 { resign }
1-0

[Event "Tourn. n8000"]
[Site "www.chess-mail.com"]
[Date "2015.01.29"]
[Round "1"]
[White "Luban"]
[Black "Cardiff"]
[WhiteElo "2160"]
[BlackElo "2030"]
[Result "1-0"]
[Round "1"]
1.d4 Ng8f6
2.c4 g6
3.e3 Bf8g7
4.Nb1c3 d6
5.h3 O-O
6.Ng1f3 c6
7.Bf1d3 Qd8c7
8.O-O e5
9.d5 Rf8e8
10.e4 Nb8d7
11.b4 a5
12.b5 Nd7c5
13.a4 cxd5
14.Nc3xd5 Nf6xd5
15.cxd5 Nc5xd3
16.Qd1xd3 f5
17.Bc1d2 fxe4
18.Qd3xe4 Bc8f5
19.Qe4e3 Ra8c8
20.Rf1c1 Qc7d7
21.Bd2xa5 Rc8xc1
22.Ra1xc1 Re8c8
23.Rc1xc8 Qd7xc8
24.Qe3c3 Qc8xc3
25.Ba5xc3 Bf5e4
26.Bc3b4 Be4xd5
27.Bb4xd6 Bd5b3
28.Bd6xe5 Bb3xa4
29.Be5xg7 Kxg7
30.b6 Ba4c6
31.Nf3d4 Bc6d5
32.f3 Kf6
33.Kf2 Ke5
34.Ke3 g5
35.g3 h5
36.g4 hxg4
37.hxg4 Kd6
38.Nd4f5 Kc5
39.Nf5e7 Bd5c6
40.Ne7xc6 Kxc6
41.f4 gxf4
42.Kxf4 Kxb6
43.g5 { resign }
1-0

[Event "Tourn. n8038"]
[Site "www.chess-mail.com"]
[Date "2015.01.29"]
[Round "1"]
[White "Luban"]
[Black "Aperturaf"]
[WhiteElo "2130"]
[BlackElo "2250"]
[Result "0-1"]
[Round "1"]
1.d4 d5
2.Ng1f3 Ng8f6
3.e3 e6
4.a3 Bf8d6
5.c4 O-O
6.Nb1c3 b6
7.Bf1e2 Nb8d7
8.O-O Bc8b7
9.Rf1e1 a6
10.b4 c5
11.b5 dxc4
12.Be2xc4 cxd4
13.Nf3xd4 Qd8c7
14.bxa6 Bd6xh2
15.Kf1 Qc7xc4
{ resign }
0-1

[Event "Tourn. n8000"]
[Site "www.chess-mail.com"]
[Date "2015.01.29"]
[Round "1"]
[White "Cardiff"]
[Black "Osopanda"]
[WhiteElo "2030"]
[BlackElo "2060"]
[Result "1-0"]
[Round "1"]
1.d4 Ng8f6
2.c4 g6
3.g3 Bf8g7
4.Bf1g2 c6
5.e4 d6
6.Ng1e2 O-O
7.Nb1c3 e5
8.d5 Bc8g4
9.h3 Bg4d7
10.O-O Nb8a6
11.a3 Na6c7
12.Bc1e3 Qd8e7
13.Qd1d2 c5
14.b4 cxb4
15.axb4 Rf8c8
16.c5 Nc7b5
17.Nc3xb5 Bd7xb5
18.Rf1c1 a6
19.cxd6 Qe7xd6
20.Be3c5 Qd6d8
21.Ne2c3 b6
22.Bc5e3 Rc8c4
23.Nc3xb5 Rc4xc1
24.Ra1xc1 axb5
25.Rc1c6 Ra8a1
26.Kh2 Bg7f8
27.Be3xb6 Qd8e7
28.Bb6c5 Qe7d8
29.Bc5xf8 Kxf8
30.Qd2c3 Kg7
31.Qc3xe5 Ra1a2
32.Kg1 Ra2a4
33.g4 h6
34.Rc6d6 Ra4a1
35.Kh2 { resign }
1-0